| 000 | 00838nam a2200169 a 4500 | ||
|---|---|---|---|
| 008 | 061031s2005 ||||||||||||||||| || u | ||
| 050 | _aUN-ESCWA(08) | ||
| 110 | _aUnited Nations Economic and Social Affairs (UNESA) | ||
| 245 | 1 | 0 | _aCompendium of social statistics and indicators: a special issue on youth |
| 260 |
_aNew York _bUNITED NATIONS _c2005 |
||
| 300 | _av ; 47p. ; ill. | ||
| 350 | _a0.00 | ||
| 650 | 3 | _aP0PULATION STATISTICS | |
| 650 | _aSOCIAL STATISTICS | ||
| 995 |
_aSPECIAL COLLECTIONS _D0.00 _eUN-ESCWA(08)CCSI/200 _FCBU-MAIN LIBRARY (Kitwe) _H1 _I0.00 _jUN-ESCWA(08)CCSI/2005/7 _M1 _UAVAILABLE _WOct 31, 2006 _y9789211283181 _ZInternational Publications |
||
| 995 |
_aSPECIAL COLLECTIONS _D0.00 _e03007032 _FCBU-MAIN LIBRARY (Kitwe) _H1 _I0.00 _jUN-ESCWA(08)CCSI/2009/9 _M2 _UAVAILABLE _WAug 30, 2010 _y03007032 _ZInternational Publications |
||
| 999 |
_c79588 _d79588 |
||